A Páli Szent Vinczéről nevezett szatmári anyaházbeli irgalmasnővérek vezetése alatt levő selmeczbányai róm. kath. polgári leányiskola ... tanévben kiadott tudósítványa

Bibliographic Details
New Title:Szatmári irgalmas nővérek selmeczbányai intézetének értesitője az ... iskolai évről
Previous Title:Páli Szent Vinczéről nevezett szatmári anyaházbeli irgalmasnővérek vezetése alatt levő selmeczbányai róm. kath. leánynevelő intézetnek (polgári iskola, elemi iskola, kisdedóvó és ismétlő iskola) ... tanévben kiadott tudosítványa
Format: Serial
Language:Hungarian
PhysicalDescription:14 zväzkov tabuľky 21 cm
Published: Selmeczbánya Joerges Ágost Özv. és Fia Könyvnyomdája 1900-1913
Subjects:

MARC

LEADER 00000nas a2200000 4500
001 vtls012286258
003 SK-MaSNL
005 20260228160241.0
008 251030d19001913xo ar 0 b0hun
040 |a SNK  |b slo  |c SNK  |e rda 
041 0 |a hun 
043 |a e-xo--- 
044 |a xo  |c SK 
072 7 |a 371  |x Školstvo (organizácia)  |2 konspekt 
072 7 |a 37  |x Výchova a vzdelávanie  |2 konspekt 
080 |a 373/377-055.25  |2 2001 
080 |a 373/378.018.56  |2 2011 
080 |a 37.018.56  |2 2011 
080 |a (437.6)  |2 2011 
080 |a (047)  |2 2011 
080 |a (058)  |2 2011 
245 0 2 |a A Páli Szent Vinczéről nevezett szatmári anyaházbeli irgalmasnővérek vezetése alatt levő selmeczbányai róm. kath. polgári leányiskola ... tanévben kiadott tudósítványa 
264 1 |a Selmeczbánya  |b Joerges Ágost Özv. és Fia Könyvnyomdája  |c 1900-1913 
300 |a 14 zväzkov  |b tabuľky  |c 21 cm 
310 |a 1x ročne 
336 |a text  |b txt  |2 rdacontent 
337 |a bez média  |b n  |2 rdamedia 
338 |a zväzok  |b nc  |2 rdacarrier 
362 0 |a 1899/1900-1912/1913  |z oszk.hu 
500 |a Súčasťou názvových údajov je označenie školského roku 
500 |a Zodpovedný redaktor: Szártorisz Ferencz 
610 2 7 |a Rímskokatolícka ľudová dievčenská škola  |2 SNKKA  |9 266249 
650 0 7 |a dievčenské školy  |2 SNKPH  |9 86901 
650 0 7 |a cirkevné školy  |2 SNKPH  |9 4074 
651 7 |a Banská Štiavnica (Slovensko)  |2 SNKPHgeo  |9 16373 
655 7 |a správy  |2 SNKPH  |9 70563 
655 7 |a ročenky  |2 SNKPH  |9 57146 
700 1 |a Szártorisz, Ferenc  |4 lso  |9 266250 
752 |a Slovensko  |d Banská Štiavnica 
780 0 0 |t Páli Szent Vinczéről nevezett szatmári anyaházbeli irgalmasnővérek vezetése alatt levő selmeczbányai róm. kath. leánynevelő intézetnek (polgári iskola, elemi iskola, kisdedóvó és ismétlő iskola) ... tanévben kiadott tudosítványa 
785 0 0 |t Szatmári irgalmas nővérek selmeczbányai intézetének értesitője az ... iskolai évről 
999 |c 1990  |d 3920 
952 |0 0  |1 0  |4 0  |7 0  |8 5  |a SNK  |b SNK  |d 2025-10-30  |i snkF 4131/82  |l 0  |o snkČSC 885/1899-1900 D1  |p 17A1318136  |r 2026-02-21 20:03:36  |w 2026-02-21  |y PREZ  |z r. 1900 
952 |0 0  |1 0  |4 0  |7 0  |8 5  |a SNK  |b SNK  |d 2025-10-30  |i snkF 535/83  |l 0  |o snkČSC 885/1901-1902 D1  |p 17A1556472  |r 2026-02-21 20:03:36  |w 2026-02-21  |y PREZ  |z r. 1902 
952 |0 0  |1 0  |4 0  |7 0  |8 5  |a SNK  |b SNK  |d 2025-11-24  |i snkF 4133/82  |l 0  |o snkČSC 885/1906-1907  |p 17A0775251  |r 2026-02-21 21:11:13  |w 2026-02-21  |y PREZ 
952 |0 0  |1 0  |4 0  |7 0  |8 5  |a SNK  |b SNK  |d 2025-11-24  |i snkF 4132/82  |l 0  |o snkČSC 885/1902-1903  |p 17A1317885  |r 2026-02-21 21:11:13  |w 2026-02-21  |y PREZ